Normes reguladores de les subvencions destinades a activitats en l'àmbit territorial, forestal i del medi ambient : 1994 / Diputació de Barcelona, Àrea d'Acció Territorial i Medi Ambient 1994 / Diputació de Barcelona, Àrea d'Acció Territorial i Medi Ambient
Descripción Física:
[62] f. en diferents paginacions ; 30 cm
Materias:
Medi ambient -- Subvencions
MARC
| LEADER | 00000nam a2200000Ia 4500 | ||
|---|---|---|---|
| 001 | 11980 | ||
| 003 | BGR | ||
| 005 | 20260324175213.0 | ||
| 008 | 160829s9999 xx 000 0 cat d | ||
| 080 | |a C-1-88 | ||
| 110 | 1 | |a Barcelona (Catalunya : Província). |b Diputació |9 52408 | |
| 245 | |a Normes reguladores de les subvencions destinades a activitats en l'àmbit territorial, forestal i del medi ambient : |b 1994 / Diputació de Barcelona, Àrea d'Acció Territorial i Medi Ambient | ||
| 260 | |a Barcelona : |b Diputació de Barcelona, [1994] | ||
| 300 | |a [62] f. en diferents paginacions ; |c 30 cm | ||
| 650 | |a Medi ambient |x Subvencions |9 20108 | ||
| 901 | |a Arxiu | ||
| 942 | |n 1 |2 udc |c MON | ||
| 952 | |0 0 |1 0 |4 0 |6 C188 |7 1 |9 41443 |a Arxiu |b Arxiu |d 2016-12-01 |l 0 |o C-1-88 |p 11980 |r 2016-12-01 00:00:00 |w 2016-12-01 |y ARXIU | ||
| 999 | |c 43250 |d 43250 | ||